000 00526 a2200181 4500
003 OSt
005 20240127093922.0
008 240127b |||||||| |||| 00| 0 eng d
020 _a9789391376277
040 _coclc
082 _a892.71
_bKAT/Z
100 _aKattayad, Mammootty
_910316
245 _aZuhairinte Muallaqa= Muallaqa of Zuhair /
_cMammootty Kattayad
250 _a1st ed.
260 _aCalicut:
_bIPB Books,
_c2022.
300 _a144p.
942 _2ddc
_cBK
_h892.71
_iKAT/Z
_k892.71
_mKAT/Z
999 _c43309
_d43309